Physics of transmisson Lines at High and very high frequencies (Record no. 11029)

000 -LEADER
fixed length control field 00555nam a22002177a 4500
001 - CONTROL NUMBER
control field 11029
003 - CONTROL NUMBER IDENTIFIER
control field BD-DhUET
008 - FIXED-LENGTH DATA ELEMENTS--GENERAL INFORMATION
fixed length control field 150212b xxu||||| |||| 00| 0 eng d
020 ## - INTERNATIONAL STANDARD BOOK NUMBER
International Standard Book Number 123036011
040 ## - CATALOGING SOURCE
Transcribing agency DLC
Modifying agency BD-DhUET
082 ## - DEWEY DECIMAL CLASSIFICATION NUMBER
Classification number 623.815
Item number GRI/1976
100 ## - MAIN ENTRY--PERSONAL NAME
Personal name Grivet, P.
245 ## - TITLE STATEMENT
Title Physics of transmisson Lines at High and very high frequencies
250 ## - EDITION STATEMENT
Edition statement 1st ed.
260 ## - PUBLICATION, DISTRIBUTION, ETC. (IMPRINT)
Place of publication, distribution, etc. London
Name of publisher, distributor, etc. Academic Press
Date of publication, distribution, etc. 1976
300 ## - PHYSICAL DESCRIPTION
Extent Xii, 451 p
500 ## - GENERAL NOTE
General note Volume- 1
504 ## - BIBLIOGRAPHY, ETC. NOTE
Bibliography, etc Includes bibliographies
700 ## - ADDED ENTRY--PERSONAL NAME
Personal name Hawkes, P. W.
942 ## - ADDED ENTRY ELEMENTS (KOHA)
Koha item type General Book
Holdings
Withdrawn status Piece designation (barcode) Lost status Shelving location Koha date last seen Not for loan Koha full call number Source of classification or shelving scheme Koha normalized classification for sorting Location (home branch) Price effective from Koha item type Date acquired Damaged status Copy number Sublocation or collection (holding branch)
 56062 Circulation section2015-02-12 623.815/GRI/1976 623_815000000000000_GRI_1976Central Library, BUET2015-02-12General Book2015-02-12 1Central Library, BUET